000 00572nam a2200193Ia 4500
003 GCL
008 140319s9999 xx 000 0 ara d
040 _aGCL /
_cGCL
082 0 4 _a301.0422
_bس ق
100 1 _aمحمد عاطف غيث
245 1 0 _aالقانون والضوابط الاجتماعية /
_cمحمد عاطف غيث
700 1 _aسامية محمد جابر
260 _a[S.N] :
_bدار المعرفة الجامعية ،
_c1994
300 _a4900 ص
490 _a
650 0 4 _aالقانون
650 0 4 _aالاجتماع
942 _2ddc
_cBK
999 _c54726
_d54726